| 000 | 02382nam a2200493 a 4500 | ||
|---|---|---|---|
| 001 | 86306 | ||
| 003 | BD-RjUL | ||
| 005 | 20260402120914.0 | ||
| 008 | 260402t20222022nyu 001 0 eng d | ||
| 020 |
_a9781541701298 _q(hardcover) |
||
| 020 |
_a1541701291 _q(hardcover) |
||
| 020 |
_z9781541701304 _q(ebook) |
||
| 035 | _a(BD-RjUL)86306 | ||
| 040 |
_aIG$ _beng _erda _cIG$ _dOJ4 _dDLC _dBD-RjUL |
||
| 041 | _aeng | ||
| 082 | 0 | 4 |
_223 _a327.73051 _bRUA 2022 |
| 100 | 1 |
_aRudd, Kevin, _d1957- _eauthor. _4aut _917983 |
|
| 245 | 1 | 4 |
_aThe avoidable war : _bthe dangers of a catastrophic conflict between the US and Xi Jinping's China / _cKevin Rudd. |
| 246 | 3 | 0 | _aDangers of a catastrophic conflict between the US and Xi Jinping's China |
| 250 | _aFirst edition. | ||
| 264 | 1 |
_aNew York : _bPublicAffairs, _c2022. |
|
| 264 | 4 | _c©2022 | |
| 300 |
_aviii, 420 pages ; _c25 cm |
||
| 336 |
_atext _btxt _2rdacontent |
||
| 337 |
_aunmediated _bn _2rdamedia |
||
| 338 |
_avolume _bnc _2rdacarrier |
||
| 386 |
_aMen _2lcdgt |
||
| 386 |
_aAustralians _2lcdgt |
||
| 386 |
_aPrime ministers _2lcdgt |
||
| 500 | _aIncludes index. | ||
| 520 | _a"A war between China and the US would be catastrophic, deadly, and destructive. Unfortunately, it is no longer unthinkable. The relationship between the US and China, the world's two superpowers, is peculiarly volatile. It rests on a seismic fault--of cultural misunderstanding, historical grievance, and ideological incompatibility. No other nations are so quick to offend and be offended. Their militaries play a dangerous game of chicken, corporations steal intellectual property, intelligence satellites peer, and AI technicians plot. The capacity for either country to cross a fatal line grows daily"-- | ||
| 650 | 7 | _aInternational relations. | |
| 650 | 7 | _aDiplomatic relations. | |
| 650 | 7 | _aEconomic policy. | |
| 650 | 7 | _aGeopolitics. | |
| 650 | 7 |
_aNational security. _2fast _0(OCoLC)fst01033711 _917984 |
|
| 651 | 0 |
_aUnited States _xForeign relations _zChina. _917985 |
|
| 651 | 0 |
_aChina _xForeign relations _zUnited States. _917986 |
|
| 651 | 6 |
_aÉtats-Unis _xRelations extérieures _zChine _y21e siècle. _917987 |
|
| 651 | 6 |
_aChine _xRelations extérieures _zÉtats-Unis _y21e siècle. _917988 |
|
| 651 | 7 |
_aChina. _2fast _0(OCoLC)fst01206073 |
|
| 651 | 7 |
_aUnited States. _2fast _0(OCoLC)fst01204155 |
|
| 942 |
_2ddc _cBK |
||
| 999 |
_c86306 _d86306 |
||